00241nam a2200097Ia 4500008004100000100000900041245004400050260002500094300000800119650001600127191201s2014 xx 000 0 und d aNCSL 0aNational Cyber Crime Reference Handbook aN. DelhibNCSLc2014 a380 aB.Tech(CSE)